| 000 | 01419nam a2200373 i 4500 | ||
|---|---|---|---|
| 001 | bg | ||
| 003 | KOSZ 005 | ||
| 005 | 20200908102752.0 | ||
| 008 | 130807s1966 pl a g e 000 0 pol | ||
| 040 |
_aWA N _cKOSZ 005/RW _dKOSZ 005/RW _dKOSZ 005/HR |
||
| 046 | _k1966 | ||
| 080 | _a54 | ||
| 080 | _a(03) | ||
| 245 | 0 | 0 |
_aEncyklopedia techniki : _bchemia / _cred. nacz. Heliodor Chmielewski ; [aut. Zdzisław Bańkowski et al.] ; red. główny t.Władysław Gajewski ; [rys. wykonano pod kier. Henryka Kowalskiego]. |
| 246 | 3 | 0 | _aChemia |
| 250 | _aWyd. 2. | ||
| 260 |
_aWarszawa : _bWydawnictwa Naukowo-Techniczne, _c1966. |
||
| 300 |
_aVII, [1], 850 [2] s. : _bil., err. ; _c25 cm. |
||
| 336 |
_2rdacontent _aTekst _btxt |
||
| 337 |
_2rdamedia _aBez urządzenia pośredniczącego _bn |
||
| 338 |
_2rdacarrier _aWolumin _bnc |
||
| 380 | _aKsiążki. | ||
| 504 | _aBibliogr. s. [844]-846. | ||
| 658 | _aChemia | ||
| 655 | 4 | _aEncyklopedia | |
| 650 | 4 | _aChemia | |
| 700 | 1 |
_aBańkowski, Zdzisław _d(1913- ). _eAutor |
|
| 710 | 2 |
_aWydawnictwa Naukowo-Techniczne _4pbl. |
|
| 700 | 1 |
_aChmielewski, Heliodor _d(1911-1981) _eRedakcja |
|
| 700 | 1 |
_aGajewski, Władysław _d(1937- ) _eRedakcja |
|
| 700 | 1 |
_aKowalski, Henryk _eIlustracje |
|
| 856 |
_uhttp://koha.tu.koszalin.pl/cgi-bin/koha/opac-detail.pl?biblionumber=10788 _yKatalog online BPK |
||
| 942 |
_2UKD _cKS |
||
| 999 |
_c10788 _d10788 |
||